Personnalités au hasard #57 - Statistiques

Statistiques générales
  • Ce quiz a été pris 144 fois
  • Le résultat moyen est 9 sur 32
Statistiques - réponses
Par images Réponse % Correct
Igor Bogdanoff
79%
Pelé
75%
Mercotte
64%
Naps
64%
Jason Momoa
59%
Joaquin Phoenix
59%
Jean-Luc Lemoine
50%
Yann Moix
50%
Justin Trudeau
43%
Tiakola
34%
William Leymergie
32%
Paul El Kharrat
26%
Jean-Philippe Janssens
25%
Philippe Manœuvre
25%
Cécile de Ménibus
24%
Valérie Trierweiler
24%
Mokhtar
23%
French Montana
16%
Joan Faggianelli
16%
Ange Postecoglou
14%
Trippie Redd
14%
Claude Barzotti
9%
Jill Biden
9%
Sébastien Thoen
8%
Catherine Ceylac
7%
Kelly Rutherford
7%
Rema
7%
Ridley Scott
7%
Tory Lanez
6%
Jean-Luc Moreau
5%
Charlie Watts
4%
Agnetha Fältskog
2%
Aucun quiz correspondant
Distribution des résultats
% des personnes avec chaque résultat
Percentile par nombre de réponses
Votre historique - résultats
Vous n’avez pas pris ce quiz